000 00697nam a2200265Ia 4500
001 Para_6417
003 CHAP
008 220125s1989 xx 000 0 und d
010 _a205157
040 _cCHAP
090 _aPA FOLLETO 429
110 _aProductos Servicio Rao
_9171142
245 _aSuper Cox-CU :
_b fungicida-bactericida /
_c por Productos Servicio Rao
260 _aMéxico :
_b Los productos
300 _a2 p.
650 _aBactericidas
_99329
650 _aFungicidas
_944044
901 _aPA FOLLETO 429
902 _aA
905 _a000000198-- 0000000000 00
910 _a198-
942 _cPARA
942 _cPARA
_d1
999 _c205157
_d205157